Oceanography and meteorology of the Gulf of Mexico /

Bibliographic Details
Corporate Author: Texas A & M University. Department of Oceanography and Meteorology
Format: Serial
Language:English
Published: [College Station] : The Department.
Subjects:

MARC

Tag First Indicator Second Indicator Subfields
LEADER 00000cas a2200000 a 4500
001 in00000083386
005 20151008061243.0
008 820809u19uu9999txuar s0uuua0eng d
035 |a (OCoLC)08672978 
035 |9 AAJ7658AM 
040 |a TXA  |c TXA  |d UtOrBLW 
043 |a nm----- 
049 |a TXAE 
090 |a GC521  |b .O23 
245 0 0 |a Oceanography and meteorology of the Gulf of Mexico /  |c Agricultural and Mechanical College of Texas, Department of Oceanography & Meteorology. 
264 1 |a [College Station] :  |b The Department. 
300 |a volumes :  |b illustrations ;  |c 28 cm. 
310 |a Annual 
336 |a text  |b txt  |2 rdacontent 
337 |a unmediated  |b n  |2 rdamedia 
338 |a volume  |b nc  |2 rdacarrier 
500 |a A & M project 24. 
500 |a Description based on: 1960-1961. 
515 |a Report year ends Apr. 30. 
650 0 |a Oceanography  |z Mexico, Gulf of. 
650 0 |a Meteorology  |z Mexico, Gulf of. 
710 2 |a Texas A & M University.  |b Department of Oceanography and Meteorology. 
999 |a MARS 
999 f f |s d5a3f543-5835-364e-a239-3c5bdef05a74  |i 2ef9f2da-61e8-3913-a61d-d15aecfde6c9  |t 0 
952 f f |p ric  |a Texas A&M University  |b Rellis Campus  |c Joint Library Facility  |d Remote Storage  |t 0  |e GC521 .O23  |h Library of Congress classification  |i unmediated -- volume  |l 1963  |m A14808578614 
952 f f |p ric  |a Texas A&M University  |b Rellis Campus  |c Joint Library Facility  |d Remote Storage  |t 0  |e GC521 .O23  |h Library of Congress classification  |i unmediated -- volume  |l 1958/1959  |m A14828062243 
998 f f |a GC521 .O23  |s 1961-1963  |t 0  |l Remote Storage